[Event "SV Waltrop 1 - Bochumer SV 2"]
[Site "Verbandsliga - Gruppe 1 2021/"]
[Date "2021.12.12"]
[Round "3.8"]
[White "Sehrbrock, Christoph"]
[Black "Abdullayev, Elchin"]
[Result "1/2-1/2"]
[WhiteElo "1832"]
[BlackElo "1873"]
[PlyCount "114"]
[EventDate "2021.??.??"]
[WhiteTeam "SV Waltrop 1"]
[BlackTeam "Bochumer SV 2"]

1. e4 c5 2. Nf3 a6 3. c4 Nc6 4. d4 cxd4 5. Nxd4 e5 6. Nc2 Bc5 7. Nc3 Nge7 8.
Be2 O-O 9. O-O d6 10. Qd3 f5 11. Bf3 f4 12. a3 a5 13. Na4 Bd4 14. Nc3 Rf6 15.
Ne2 Bc5 16. Rb1 Qe8 17. b4 axb4 18. axb4 Bb6 19. Ba3 g5 20. c5 dxc5 21. bxc5
Bc7 22. g4 Be6 23. Nc3 Rg6 24. Nd5 Qc8 25. Nxc7 Qxc7 26. Be2 h5 27. f3 Rd8 28.
Qc3 hxg4 29. fxg4 Nd4 30. Nxd4 Rxd4 31. h3 Rxe4 32. Bf3 Re3 33. Qb4 Nd5 34. Qa4
Qc6 35. Qa8+ Bc8 36. Bxd5+ Qxd5 37. Qxc8+ Kh7 38. Rxb7+ Rg7 39. Qf5+ Kh8 40.
Rb8+ Rg8 41. Rxg8+ Qxg8 42. Qf6+ Kh7 43. Qe7+ Kh8 44. Rb1 Rg3+ 45. Kh2 Qa2+ 46.
Bb2 Rxh3+ 47. Kxh3 Qb3+ 48. Kg2 Qc2+ 49. Kf3 Qd3+ 50. Kf2 Qc2+ 51. Kf3 Qd3+ 52.
Kg2 Qc2+ 53. Kh3 Qd3+ 54. Kh2 Qc2+ 55. Kh3 Qd3+ 56. Kh2 Qc2+ 57. Kh3 Qd3+
1/2-1/2

[Event "SV Erkenschwick 2 - Sport Union Annen 1"]
[Site "Verbandsliga - Gruppe 1 2021/"]
[Date "2021.12.12"]
[Round "3.2"]
[White "Henn, Marcus"]
[Black "Mainka, Gregor"]
[Result "1/2-1/2"]
[WhiteElo "1999"]
[BlackElo "2121"]
[PlyCount "48"]
[EventDate "2021.??.??"]
[WhiteTeam "SV Erkenschwick 2"]
[BlackTeam "Sport Union Annen 1"]

1. d4 Nc6 2. Nf3 d5 3. c4 Bg4 4. cxd5 Bxf3 5. gxf3 Qxd5 6. e3 e5 7. Nc3 Bb4 8.
Bd2 Bxc3 9. bxc3 Nge7 10. Be2 exd4 11. cxd4 O-O 12. O-O Rad8 13. f4 Rd6 14. Bf3
Qe6 15. Kh1 Qh3 16. Rg1 Rfd8 17. Rg3 Qh4 18. Qg1 Nf5 19. Rg5 Rg6 20. Rb1 Nd6
21. Rc1 Qh3 22. Rxg6 hxg6 23. Qg4 Qxg4 24. Bxg4 Ne4 1/2-1/2

[Event "SV Erkenschwick 2 - Sport Union Annen 1"]
[Site "Verbandsliga - Gruppe 1 2021/"]
[Date "2021.12.12"]
[Round "3.3"]
[White "Al Ali, Mohammad"]
[Black "Trzaska, Peter"]
[Result "1/2-1/2"]
[WhiteElo "1858"]
[BlackElo "2038"]
[PlyCount "72"]
[EventDate "2021.??.??"]
[WhiteTeam "Sport Union Annen 1"]
[BlackTeam "SV Erkenschwick 2"]

1. Nf3 d5 2. e3 c6 3. c4 Nf6 4. Nc3 g6 5. Qb3 Qb6 6. Qd1 Bg7 7. Be2 O-O 8. O-O
Bg4 9. cxd5 Nxd5 10. d4 Nd7 11. h3 Bxf3 12. Bxf3 Nxc3 13. bxc3 e5 14. Ba3 Rfe8
15. Bd6 Bf8 16. Rb1 Qa6 17. Be2 Qxa2 18. Bxf8 Nxf8 19. Rxb7 a5 20. Bd3 e4 21.
Bb1 Qc4 22. Qc2 Ne6 23. Qb2 a4 24. Ba2 Qd3 25. Qb4 a3 26. Qd6 Nd8 27. Qf6 Rf8
28. Rd7 Qe2 29. Rxd8 Qxa2 30. Rxa8 Rxa8 31. Qxc6 Rb8 32. d5 Rb1 33. Qe8+ Kg7
34. Qe5+ Kh6 35. Qf4+ Kg7 36. Qe5+ Kh6 1/2-1/2

[Event "SV Erkenschwick 2 - Sport Union Annen 1"]
[Site "Verbandsliga - Gruppe 1 2021/"]
[Date "2021.12.12"]
[Round "3.4"]
[White "Jungbluth, Rolf"]
[Black "Dahlbeck, Mirko"]
[Result "0-1"]
[WhiteElo "1977"]
[BlackElo "1899"]
[Annotator "daniel"]
[PlyCount "106"]
[EventDate "2021.??.??"]
[WhiteTeam "SV Erkenschwick 2"]
[BlackTeam "Sport Union Annen 1"]

1. c4 c6 2. Nc3 d5 3. cxd5 cxd5 4. d4 Nc6 5. Nf3 a6 6. Qb3 Nf6 7. Bf4 e6 8. e3
Be7 9. Bd3 O-O 10. a3 b5 11. O-O Nh5 12. Qc2 f5 13. Nxb5 Nxf4 14. exf4 Qb6 15.
Rac1 Bd7 16. Nc3 Nxd4 17. Nxd4 Qxd4 18. Ne2 Qa4 19. Qxa4 Bxa4 20. Nd4 Bd7 21.
Rc7 Rfd8 22. Re1 Bd6 23. Rb7 Bc8 24. Rb3 Kf7 25. g3 $11 Bd7 26. Nf3 Kf6 27. Rb6
Bc8 28. Rc1 Ra7 29. Rc2 Bc7 30. Rbc6 Rd7 31. Nd4 Re7 32. Bxf5 g6 33. Bd3 Kf7
34. Nf3 Ke8 35. Ne5 Kd8 36. b4 Bb7 37. a4 Bxe5 38. fxe5 Bxc6 39. Rxc6 Rab7 40.
Rxa6 Rxb4 41. Bb5 Kc8 42. Rd6 g5 43. f3 Rb2 44. h4 gxh4 45. gxh4 Rc7 46. Rxe6
Rc1+ 47. Bf1 Rbb1 48. Rd6 Rxf1+ 49. Kg2 Rfe1 50. Rxd5 Rbd1 51. Rc5+ Kd7 52. Kf2
Ke6 53. a5 Rxe5 0-1

[Event "SV Erkenschwick 2 - Sport Union Annen 1"]
[Site "Verbandsliga - Gruppe 1 2021/"]
[Date "2021.12.12"]
[Round "3.5"]
[White "Herrmann, Uwe"]
[Black "Schulze Bisping, Franz-Adolf"]
[Result "1-0"]
[WhiteElo "1855"]
[BlackElo "1905"]
[PlyCount "53"]
[EventDate "2021.??.??"]
[WhiteTeam "Sport Union Annen 1"]
[BlackTeam "SV Erkenschwick 2"]

1. d4 Nf6 2. c4 e6 3. Nc3 Bb4 4. Qc2 O-O 5. a3 Bxc3+ 6. Qxc3 d5 7. Bg5 dxc4 8.
Qxc4 b6 9. Nf3 Bb7 10. g3 Nbd7 11. Bg2 c5 12. O-O h6 13. Bxf6 Qxf6 14. dxc5
Nxc5 15. b4 Bd5 16. Qd4 Ne4 17. Ne5 Ng5 18. h4 Nh7 19. Bxd5 Rad8 20. e4 exd5
21. exd5 Rd6 22. Rad1 Rfd8 23. Qe4 Qe7 24. Rfe1 Nf6 25. Qc4 Rxd5 26. Nc6 Qd7
27. Ne7+ 1-0

[Event "SV Erkenschwick 2 - Sport Union Annen 1"]
[Site "Verbandsliga - Gruppe 1 2021/"]
[Date "2021.12.12"]
[Round "3.8"]
[White "Riechenberg, Sebastian"]
[Black "Dachrodt, Heinz-Guenther"]
[Result "1-0"]
[WhiteElo "1370"]
[BlackElo "1563"]
[PlyCount "71"]
[EventDate "2021.??.??"]
[WhiteTeam "SV Erkenschwick 2"]
[BlackTeam "Sport Union Annen 1"]

1. e4 c5 2. Nf3 Nc6 3. d4 cxd4 4. Nxd4 d6 5. Nc3 e6 6. Be3 Be7 7. Qd2 Bf6 8.
Ndb5 Bxc3 9. Qxc3 Nf6 10. O-O-O d5 11. exd5 exd5 12. Bc5 Be6 13. Qg3 Kd7 14.
Nd6 Ne8 15. Nxe8 Rxe8 16. Qxg7 Qa5 17. Ba3 Rad8 18. Qg3 Qc7 19. Qxc7+ Kxc7 20.
Bd3 h6 21. Rhe1 a6 22. Bc5 Rg8 23. Be3 Rxg2 24. Bf4+ Kc8 25. Bg3 Bg4 26. Rd2
Nd4 27. Bf1 Rg1 28. Rxd4 f5 29. f3 Bxf3 30. Bh3 Rxe1+ 31. Bxe1 Be4 32. Bg3 Rf8
33. c4 Kd8 34. cxd5 Ke7 35. d6+ Kf6 36. d7 1-0

[Event "SV Unser Fritz 1 - Weiße Dame Borbeck 1"]
[Site "Verbandsliga - Gruppe 2 2021/"]
[Date "2021.12.12"]
[Round "3.1"]
[White "Loyen, Egbert"]
[Black "Distelrath, Oliver"]
[Result "1/2-1/2"]
[WhiteElo "2175"]
[BlackElo "1858"]
[PlyCount "69"]
[EventDate "2021.??.??"]
[WhiteTeam "Weiße Dame Borbeck 1"]
[BlackTeam "SV Unser Fritz 1"]

1. e4 d6 2. d4 Nf6 3. Nc3 e5 4. dxe5 dxe5 5. Qxd8+ Kxd8 6. Bg5 Be6 7. O-O-O+
Nbd7 8. Bh4 Bd6 9. Nf3 h6 10. Bb5 g5 11. Bg3 Ke7 12. Rhe1 a6 13. Bxd7 Nxd7 14.
Nd5+ Bxd5 15. exd5 f6 16. Nd4 Kf7 17. Ne6 Nf8 18. Nxf8 Raxf8 19. f3 Bc5 20. Re2
Rd8 21. Be1 Rd7 22. b4 Bd6 23. c4 b6 24. Kc2 Rc8 25. Kb3 Bf8 26. Red2 Re8 27.
Bf2 f5 28. c5 e4 29. fxe4 Rxe4 30. a3 bxc5 31. bxc5 Rd8 32. Ka2 Rc4 33. Kb3 Re4
34. Ka2 Rc4 35. Kb3 1/2-1/2

[Event "SV Unser Fritz 1 - Weiße Dame Borbeck 1"]
[Site "Verbandsliga - Gruppe 2 2021/"]
[Date "2021.12.12"]
[Round "3.2"]
[White "Nowicki, Heiko"]
[Black "Hillenbrand, Michael"]
[Result "0-1"]
[WhiteElo "1787"]
[BlackElo "2064"]
[PlyCount "46"]
[EventDate "2021.??.??"]
[WhiteTeam "SV Unser Fritz 1"]
[BlackTeam "Weiße Dame Borbeck 1"]

1. e4 g6 2. d4 Bg7 3. Nc3 d6 4. Bc4 Nf6 5. Qe2 Nc6 6. e5 dxe5 7. dxe5 Ng4 8. e6
f5 9. Nf3 O-O 10. Bf4 Nd4 11. Nxd4 Qxd4 12. Bg3 f4 13. Rd1 Qe5 14. Bh4 g5 15.
Rd5 Qxe2+ 16. Bxe2 Ne5 17. Bxg5 Bxe6 18. Rb5 Rf5 19. Bh4 f3 20. g4 Rf7 21. Bf1
b6 22. Ne4 h6 23. g5 Rf4 0-1

[Event "SV Unser Fritz 1 - Weiße Dame Borbeck 1"]
[Site "Verbandsliga - Gruppe 2 2021/"]
[Date "2021.12.12"]
[Round "3.3"]
[White "Klasmeier, Jens"]
[Black "Rutz, Dirk"]
[Result "1/2-1/2"]
[WhiteElo "2047"]
[BlackElo "2003"]
[PlyCount "45"]
[EventDate "2021.??.??"]
[WhiteTeam "Weiße Dame Borbeck 1"]
[BlackTeam "SV Unser Fritz 1"]

1. e4 d6 2. d4 Nf6 3. Nc3 g6 4. f4 Bg7 5. Nf3 O-O 6. Be2 c6 7. O-O b5 8. a3 Na6
9. Kh1 Nc7 10. Qe1 a5 11. Qh4 b4 12. axb4 axb4 13. Rxa8 Nxa8 14. Nd1 Nxe4 15.
Bd3 Nf6 16. f5 Qa5 17. Ne3 Nc7 18. Ng5 Ba6 19. Ng4 h5 20. Nxf6+ Bxf6 21. fxg6
Bxd3 22. cxd3 fxg6 23. Qe4 1/2-1/2

[Event "SV Unser Fritz 1 - Weiße Dame Borbeck 1"]
[Site "Verbandsliga - Gruppe 2 2021/"]
[Date "2021.12.12"]
[Round "3.4"]
[White "Jungbluth, Michael"]
[Black "Korste, Sebastian"]
[Result "1/2-1/2"]
[WhiteElo "2003"]
[BlackElo "2006"]
[PlyCount "47"]
[EventDate "2021.??.??"]
[WhiteTeam "SV Unser Fritz 1"]
[BlackTeam "Weiße Dame Borbeck 1"]

1. d4 d5 2. Nf3 Nf6 3. g3 e6 4. Bg2 Be7 5. O-O O-O 6. c4 dxc4 7. Nbd2 c6 8.
Nxc4 b5 9. Nce5 Qb6 10. Bg5 h6 11. Bxf6 Bxf6 12. Qc2 Bb7 13. Rfd1 Rd8 14. Rac1
Nd7 15. e3 Rac8 16. Nd3 c5 17. Nxc5 Nxc5 18. dxc5 Rxd1+ 19. Qxd1 Rxc5 20. Rxc5
Qxc5 21. b3 a5 22. h4 Kf8 23. Qd7 Qc6 24. Qxc6 1/2-1/2

[Event "SV Unser Fritz 1 - Weiße Dame Borbeck 1"]
[Site "Verbandsliga - Gruppe 2 2021/"]
[Date "2021.12.12"]
[Round "3.5"]
[White "Mundil, Uwe"]
[Black "Mueller, Martin"]
[Result "1/2-1/2"]
[WhiteElo "2018"]
[BlackElo "2042"]
[PlyCount "82"]
[EventDate "2021.??.??"]
[WhiteTeam "Weiße Dame Borbeck 1"]
[BlackTeam "SV Unser Fritz 1"]

1. e4 d6 2. d4 Nf6 3. f3 e5 4. d5 c6 5. c4 Be7 6. Be3 O-O 7. Bd3 b5 8. cxb5
cxd5 9. exd5 Bb7 10. Nc3 a6 11. a4 axb5 12. Bxb5 Na6 13. Nge2 Nb4 14. Bc4 Qa5
15. Qd2 Rfc8 16. b3 Nfxd5 17. Nxd5 Bxd5 18. Bxd5 Nd3+ 19. Kf1 Qxd5 20. Nc1 e4
21. fxe4 Qe5 22. Rb1 Nxc1 23. Rxc1 Qxe4 24. Kf2 Qf5+ 25. Ke2 Qh5+ 26. Kf2 Rxc1
27. Rxc1 Qxh2 28. Qd5 Re8 29. Ke2 Qh4 30. Kd3 Qg4 31. Qc6 Kf8 32. Qf3 Qb4 33.
Qd5 Rb8 34. Ke2 Qg4+ 35. Kf1 Qg3 36. Bf2 Qf4 37. Rc4 Qf6 38. Qd1 Re8 39. Kg1
Qe5 40. Bd4 Qg3 41. Rc3 Qg6 1/2-1/2

[Event "SV Unser Fritz 1 - Weiße Dame Borbeck 1"]
[Site "Verbandsliga - Gruppe 2 2021/"]
[Date "2021.12.12"]
[Round "3.6"]
[White "Tober, Julian"]
[Black "Kindermann, Carsten"]
[Result "1-0"]
[WhiteElo "1795"]
[BlackElo "1884"]
[PlyCount "71"]
[EventDate "2021.??.??"]
[WhiteTeam "SV Unser Fritz 1"]
[BlackTeam "Weiße Dame Borbeck 1"]

1. e4 e5 2. Nf3 Nc6 3. d4 exd4 4. Bc4 Nf6 5. e5 d5 6. Bb5 Ne4 7. Nxd4 Bd7 8.
Bxc6 bxc6 9. O-O Be7 10. f3 Nc5 11. Be3 O-O 12. Nc3 Nb7 13. Nb3 Be6 14. Na4 f6
15. exf6 Bxf6 16. Nac5 Nxc5 17. Bxc5 Re8 18. Nd4 Qd7 19. c3 Be7 20. Bxe7 Rxe7
21. Qa4 c5 22. Qc6 Qxc6 23. Nxc6 Rd7 24. Rfe1 Rd6 25. Na5 Rb8 26. Nb3 Rb5 27.
Re5 Kf7 28. Rae1 a5 29. c4 dxc4 30. Rxc5 Rdb6 31. Rxb5 Rxb5 32. Nd4 Rxb2 33.
Nxe6 c3 34. Ng5+ Kg6 35. Ne4 c2 36. Nc3 1-0

[Event "SV Unser Fritz 1 - Weiße Dame Borbeck 1"]
[Site "Verbandsliga - Gruppe 2 2021/"]
[Date "2021.12.12"]
[Round "3.7"]
[White "Klasmeier, Hartmut"]
[Black "Koch, Till"]
[Result "0-1"]
[WhiteElo "1875"]
[BlackElo "1812"]
[PlyCount "74"]
[EventDate "2021.??.??"]
[WhiteTeam "Weiße Dame Borbeck 1"]
[BlackTeam "SV Unser Fritz 1"]

1. e4 e5 2. Nf3 Nc6 3. d4 exd4 4. Bc4 Nf6 5. e5 d5 6. exd6 Bxd6 7. O-O O-O 8.
Bg5 h6 9. Bh4 Bg4 10. Be2 Bf5 11. a3 a5 12. Nbd2 Bc5 13. Nb3 Bb6 14. Qd2 Qd6
15. Bg3 Qd5 16. Rad1 Ne4 17. Qc1 Nxg3 18. hxg3 a4 19. Nbd2 Rfe8 20. Bc4 Qc5 21.
Bd3 Na5 22. Qb1 Rad8 23. Rfe1 Bxd3 24. cxd3 Qb5 25. Rc1 Nb3 26. Rc4 c5 27. Ne4
Ba5 28. Rd1 b6 29. Qc2 f5 30. Ned2 Re2 31. Kf1 Rde8 32. Kg1 Qc6 33. Nxd4 Nxd4
34. Rxd4 h5 35. Rf4 Qd5 36. Qc1 Bxd2 37. Rxd2 Re1+ 0-1

[Event "SV Unser Fritz 1 - Weiße Dame Borbeck 1"]
[Site "Verbandsliga - Gruppe 2 2021/"]
[Date "2021.12.12"]
[Round "3.8"]
[White "Deflieze, Ulrich"]
[Black "Braun, Joshua"]
[Result "0-1"]
[WhiteElo "1711"]
[BlackElo "1673"]
[PlyCount "66"]
[EventDate "2021.??.??"]
[WhiteTeam "SV Unser Fritz 1"]
[BlackTeam "Weiße Dame Borbeck 1"]

1. e4 c5 2. Nf3 d6 3. d4 cxd4 4. Nxd4 Nf6 5. Nc3 g6 6. Be2 Bg7 7. Be3 O-O 8.
O-O Bd7 9. f4 Nc6 10. h3 a6 11. Qd2 b5 12. Bf3 Rc8 13. a3 Na5 14. b3 Qc7 15.
Nd5 Nxd5 16. exd5 Qc3 17. Rad1 Nb7 18. Nc6 Bxc6 19. Qxc3 Bxc3 20. dxc6 Nd8 21.
Bd4 Bxd4+ 22. Rxd4 Nxc6 23. Rd2 Rfd8 24. Rfd1 Rc7 25. g4 Na5 26. Kf2 Rdc8 27.
Be4 Rc3 28. Bd3 Nb7 29. Re2 Kf8 30. f5 Nc5 31. fxg6 hxg6 32. h4 Nxd3+ 33. Rxd3
Rxc2 0-1

[Event "Oberhausener SV 2 - SF Essen-Katernberg"]
[Site "Verbandsklasse - Gruppe 1 202"]
[Date "2021.12.12"]
[Round "3.2"]
[White "Groß, Thomas"]
[Black "Schmitz, Edgar"]
[Result "1/2-1/2"]
[WhiteElo "1928"]
[BlackElo "1911"]
[PlyCount "49"]
[EventDate "2021.??.??"]
[WhiteTeam "Oberhausener SV 2"]
[BlackTeam "SF Essen-Katernberg  4"]

1. Nf3 d5 2. g3 Nf6 3. Bg2 c6 4. c4 e6 5. d4 Nbd7 6. Qc2 Be7 7. O-O O-O 8. b3
b5 9. Nbd2 Bb7 10. e4 dxe4 11. Nxe4 bxc4 12. bxc4 c5 13. Nfg5 Nxe4 14. Nxe4
cxd4 15. Rb1 Rb8 16. h4 Bxe4 17. Bxe4 Nf6 18. Rxb8 Qxb8 19. Bg2 Qc7 20. Bf4 Bd6
21. Bxd6 Qxd6 22. c5 Qc7 23. Rb1 d3 24. Qxd3 Qxc5 25. Qb5 1/2-1/2

[Event "Oberhausener SV 2 - SF Essen-Katernberg"]
[Site "Verbandsklasse - Gruppe 1 202"]
[Date "2021.12.12"]
[Round "3.8"]
[White "Hoffmann, Ben"]
[Black "Luersen, Jan"]
[Result "1-0"]
[WhiteElo "1694"]
[BlackElo "1620"]
[PlyCount "81"]
[EventDate "2021.??.??"]
[WhiteTeam "Oberhausener SV 2"]
[BlackTeam "SF Essen-Katernberg  4"]

1. e4 c6 2. d4 d5 3. exd5 cxd5 4. Nf3 Nf6 5. Bd3 Bg4 6. Nbd2 Nc6 7. c3 e6 8. b3
Bd6 9. Bb2 e5 10. dxe5 Nxe5 11. Be2 Qe7 12. O-O O-O 13. Re1 Rfe8 14. Nd4 Bxe2
15. Qxe2 Qd7 16. Qf1 Qg4 17. Nb5 Bb8 18. Re3 Ng6 19. Rae1 Rxe3 20. Rxe3 Bf4 21.
Re2 Bxh2+ 22. Kxh2 Qh4+ 23. Kg1 Ng4 24. Nf3 Qh5 25. Qe1 Nf6 26. c4 Nf4 27. Re5
Nxg2 28. Rxh5 Nxe1 29. Rf5 Nxf3+ 30. Rxf3 Ne4 31. cxd5 a6 32. Nc3 Nd6 33. Ba3
Rd8 34. Bxd6 Rxd6 35. Re3 Kf8 36. Kf1 b5 37. b4 a5 38. Nxb5 Rxd5 39. Nc7 Rd8
40. bxa5 Rc8 41. Re8+ 1-0

[Event "Oberhausener SV 2 - SF Essen-Katernberg"]
[Site "Verbandsklasse - Gruppe 1 202"]
[Date "2021.12.12"]
[Round "3.3"]
[White "Blome, Simon"]
[Black "Krueger, André"]
[Result "1/2-1/2"]
[WhiteElo "1909"]
[BlackElo "1943"]
[PlyCount "43"]
[EventDate "2021.??.??"]
[WhiteTeam "SF Essen-Katernberg  4"]
[BlackTeam "Oberhausener SV 2"]

1. e4 c5 2. Nf3 e6 3. g3 Nc6 4. Bg2 Nf6 5. d3 Be7 6. O-O d6 7. Re1 O-O 8. Nbd2
e5 9. c3 h6 10. Nc4 Re8 11. d4 exd4 12. cxd4 Bg4 13. d5 Nd4 14. Qd3 b5 15. Ncd2
Nxf3+ 16. Nxf3 c4 17. Qc2 Bxf3 18. Bxf3 Nd7 19. Be3 Bg5 20. Bd4 Bf6 21. Qc3
Bxd4 22. Qxd4 1/2-1/2

[Event "Oberhausener SV 2 - SF Essen-Katernberg"]
[Site "Verbandsklasse - Gruppe 1 202"]
[Date "2021.12.12"]
[Round "3.4"]
[White "Seibert, Michael"]
[Black "Mamikonyan, Davit"]
[Result "1-0"]
[WhiteElo "1955"]
[BlackElo "1851"]
[PlyCount "103"]
[EventDate "2021.??.??"]
[WhiteTeam "Oberhausener SV 2"]
[BlackTeam "SF Essen-Katernberg  4"]

1. d4 Nf6 2. Bg5 d5 3. Bxf6 gxf6 4. e3 Bf5 5. Bd3 Bg6 6. h4 Nc6 7. h5 Bxd3 8.
Qxd3 e6 9. Nd2 f5 10. Ngf3 Rg8 11. g3 a6 12. Qb3 b5 13. a4 b4 14. c4 Na5 15.
Qc2 dxc4 16. Nxc4 Qd5 17. Nxa5 Qxf3 18. Qc6+ Qxc6 19. Nxc6 f6 20. a5 Kd7 21.
Rc1 Bd6 22. Ke2 h6 23. b3 Rg5 24. Rc4 Re8 25. Nxb4 Rb8 26. Nxa6 Rxb3 27. Nc5+
Bxc5 28. Rxc5 f4 29. gxf4 Rxc5 30. dxc5 Rc3 31. Ra1 Kc8 32. a6 Kb8 33. a7+ Ka8
34. Ra5 Rc2+ 35. Kf3 c6 36. Ke4 Rc1 37. f5 e5 38. f4 exf4 39. Kxf4 Rf1+ 40. Ke4
Rh1 41. Ra6 Rh4+ 42. Kd3 Rxh5 43. e4 Rh1 44. Rxc6 h5 45. Rxf6 h4 46. c6 Kxa7
47. Kd4 h3 48. Ke5 h2 49. Rh6 Kb6 50. f6 Kc7 51. f7 Rf1 52. Ke6 1-0

[Event "Oberhausener SV 2 - SF Essen-Katernberg"]
[Site "Verbandsklasse - Gruppe 1 202"]
[Date "2021.12.12"]
[Round "3.6"]
[White "Kraus, Kilian"]
[Black "Sikorski, Thomas"]
[Result "1/2-1/2"]
[WhiteElo "1851"]
[BlackElo "1712"]
[PlyCount "56"]
[EventDate "2021.??.??"]
[WhiteTeam "Oberhausener SV 2"]
[BlackTeam "SF Essen-Katernberg  4"]

1. d4 c6 2. c4 d6 3. e4 Nd7 4. Nc3 e5 5. d5 Ngf6 6. Nf3 Be7 7. Be2 O-O 8. O-O
Re8 9. Qc2 Nf8 10. h3 Ng6 11. Be3 Bd7 12. Rac1 Qc8 13. Kh2 Nh5 14. Nxe5 Nxe5
15. Bxh5 Nxc4 16. Bf4 g5 17. Bg3 Bf6 18. b3 Ne5 19. f4 Ng6 20. fxg5 Bxg5 21.
Qf2 Rf8 22. Bxd6 Bxc1 23. Rxc1 cxd5 24. Bxg6 fxg6 25. Qxf8+ Qxf8 26. Bxf8 d4
27. Nd5 Kxf8 28. Rf1+ Kg7 1/2-1/2

[Event "Oberhausener SV 2 - SF Essen-Katernberg"]
[Site "Verbandsklasse - Gruppe 1 202"]
[Date "2021.12.12"]
[Round "3.5"]
[White "Riesenbeck, Juergen"]
[Black "Stefaniak, Christian"]
[Result "1/2-1/2"]
[WhiteElo "1930"]
[BlackElo "1863"]
[PlyCount "47"]
[EventDate "2021.??.??"]
[WhiteTeam "SF Essen-Katernberg  4"]
[BlackTeam "Oberhausener SV 2"]

1. e4 e6 2. d4 d5 3. e5 c5 4. c3 Nc6 5. Nf3 Qb6 6. a3 c4 7. Be2 Bd7 8. O-O f6
9. exf6 Nxf6 10. Nbd2 Bd6 11. Rb1 O-O 12. b3 cxb3 13. Rxb3 Qc7 14. c4 b6 15.
cxd5 exd5 16. Rc3 Qd8 17. Bb2 Rc8 18. Re1 Re8 19. Ba6 Rxe1+ 20. Qxe1 Rc7 21.
Re3 Bf4 22. Re2 Bg4 23. Nf1 Bxf3 24. gxf3 1/2-1/2

[Event "Oberhausener SV 2 - SF Essen-Katernberg"]
[Site "Verbandsklasse - Gruppe 1 202"]
[Date "2021.12.12"]
[Round "3.7"]
[White "Beetz, Ole"]
[Black "Zimmer, Javier Miguel"]
[Result "1/2-1/2"]
[WhiteElo "1604"]
[BlackElo "1723"]
[PlyCount "43"]
[EventDate "2021.??.??"]
[WhiteTeam "SF Essen-Katernberg  4"]
[BlackTeam "Oberhausener SV 2"]

1. e4 d5 2. exd5 Nf6 3. Bb5+ Nbd7 4. Nc3 a6 5. Be2 Nb6 6. Nf3 Nfxd5 7. Nxd5
Qxd5 8. d4 Bf5 9. O-O e6 10. Ne5 c6 11. c4 Qd8 12. Bf4 Be7 13. Qd2 O-O 14. Rad1
a5 15. Qe3 Bf6 16. Rfe1 Re8 17. Bd3 Bxd3 18. Rxd3 g6 19. Qh3 Qe7 20. a3 Bg7 21.
Rf3 f5 22. Rg3 1/2-1/2

[Event "SV Welper 2 - SF Brackel 3"]
[Site "Verbandsklasse - Gruppe 2 202"]
[Date "2021.12.12"]
[Round "3.1"]
[White "Bree, Thomas"]
[Black "Marx, Patrick"]
[Result "1-0"]
[WhiteElo "2045"]
[BlackElo "1958"]
[PlyCount "143"]
[EventDate "2021.??.??"]
[WhiteTeam "SF Brackel 3"]
[BlackTeam "SV Welper 2"]

1. d4 d5 2. c4 c6 3. cxd5 cxd5 4. Bf4 Nc6 5. e3 Nf6 6. Nc3 a6 7. Be2 Qb6 8. a3
Bf5 9. g4 Bxg4 10. Na4 Qa5+ 11. b4 Bxe2 12. Nxe2 Qd8 13. Nc5 b5 14. Rc1 Qb6 15.
Qd3 e6 16. Rg1 Nh5 17. h3 a5 18. Rb1 g6 19. Bh2 axb4 20. axb4 Bxc5 21. dxc5 Qa6
22. Bd6 Ng7 23. Nc3 Nf5 24. Nxb5 Kd7 25. Qe2 Nxb4 26. Be5 f6 27. Bxf6 Rhf8 28.
Bc3 Na2 29. Be5 Rfc8 30. e4 Ne7 31. Bd6 Qa5+ 32. Kf1 Nb4 33. Kg2 Nbc6 34. Rgd1
Qa4 35. exd5 exd5 36. Bg3 Ra5 37. Nd6 Rc7 38. Nf7 Rxc5 39. Bxc7 Kxc7 40. Qe6
Qe4+ 41. Qxe4 dxe4 42. Nh6 Rc2 43. Rbc1 Rb2 44. Ng4 Nf5 45. Re1 Nh4+ 46. Kf1
Nf3 47. Re2 Rb5 48. Rec2 Nfd4 49. Rc5 Rxc5 50. Rxc5 Kd6 51. Rc1 Ke6 52. Re1 Kf5
53. Ne3+ Kg5 54. Nc4 Nf3 55. Rxe4 Nfd4 56. Kg2 Nf5 57. Nd2 Ncd4 58. Re8 Kf6 59.
Ne4+ Kf7 60. Rb8 h6 61. Rb7+ Ne7 62. Kg3 Ndf5+ 63. Kf4 Ke6 64. Rb6+ Kf7 65. Ke5
Ng8 66. Rb7+ Kf8 67. Nd6 Nxd6 68. Kxd6 Nf6 69. Ke6 Ne4 70. Rc7 Kg8 71. f4 Nf2
72. h4 1-0

[Event "SV Welper 2 - SF Brackel 3"]
[Site "Verbandsklasse - Gruppe 2 202"]
[Date "2021.12.12"]
[Round "3.2"]
[White "Teich, Udo"]
[Black "Althoff, Ralph"]
[Result "1/2-1/2"]
[WhiteElo "1861"]
[BlackElo "1959"]
[PlyCount "107"]
[EventDate "2021.??.??"]
[WhiteTeam "SV Welper 2"]
[BlackTeam "SF Brackel 3"]

1. d4 d5 2. c4 e6 3. Nc3 Be7 4. Bf4 Nf6 5. e3 O-O 6. Bd3 c5 7. Nf3 Nc6 8. dxc5
Qa5 9. O-O dxc4 10. Bxc4 Qxc5 11. Qe2 e5 12. Bg3 Bg4 13. Bd3 Rfe8 14. h3 Bh5
15. Rfc1 Qa5 16. a3 Bf8 17. b4 Qd8 18. Bh4 Qd6 19. Bxf6 Bxf3 20. gxf3 Qxf6 21.
Be4 Rac8 22. Bd5 Red8 23. Bxc6 Rxc6 24. Ne4 Qe6 25. Rxc6 Qxc6 26. Rd1 Rxd1+ 27.
Qxd1 f5 28. Qb3+ Kh8 29. Qf7 Qg6+ 30. Qxg6 hxg6 31. Nc3 a5 32. Nd5 Kg8 33. Kf1
Kf7 34. e4 f4 35. Ke2 Ke6 36. Kd3 axb4 37. axb4 b5 38. Ke2 Kd7 39. Kd3 Kc6 40.
Kc3 Bd6 41. Kb3 g5 42. Kc3 Bb8 43. Kd3 Ba7 44. Ke2 Bd4 45. Kf1 Kd7 46. Kg2 Bb2
47. Kf1 Ba3 48. Ke2 Bb2 49. Kd3 Bd4 50. Ke2 Kd6 51. Ke1 Kd7 52. Ke2 Kd6 53. Ke1
Kd7 54. Ke2 1/2-1/2

[Event "SV Welper 2 - SF Brackel 3"]
[Site "Verbandsklasse - Gruppe 2 202"]
[Date "2021.12.12"]
[Round "3.3"]
[White "Bense, Dirk"]
[Black "Leimkuehler, Dirk"]
[Result "1-0"]
[WhiteElo "1992"]
[BlackElo "1798"]
[PlyCount "67"]
[EventDate "2021.??.??"]
[WhiteTeam "SF Brackel 3"]
[BlackTeam "SV Welper 2"]

1. e4 d5 2. exd5 Qxd5 3. Nf3 Nf6 4. d4 Bg4 5. Be2 e6 6. O-O Nc6 7. c4 Qd7 8.
Be3 Be7 9. Qb3 O-O 10. Rd1 Bxf3 11. Bxf3 Rfd8 12. a3 Rab8 13. Nc3 a6 14. Ne2 b5
15. cxb5 axb5 16. Qc2 Nd5 17. Rdc1 Rb6 18. Nc3 Na5 19. Be2 Nxe3 20. fxe3 Bg5
21. Nd1 Rc6 22. Qd3 Rxc1 23. Rxc1 c6 24. Qc3 Qa7 25. a4 e5 26. Qc5 Qxc5 27.
Rxc5 Nc4 28. axb5 Nxe3 29. bxc6 Nxd1 30. c7 Rc8 31. Bxd1 Be3+ 32. Kf1 Bxd4 33.
Rc6 f5 34. Bb3+ 1-0

[Event "SV Welper 2 - SF Brackel 3"]
[Site "Verbandsklasse - Gruppe 2 202"]
[Date "2021.12.12"]
[Round "3.4"]
[White "Hoettler, Alexander Walter"]
[Black "Tomasjan, Samuel"]
[Result "0-1"]
[WhiteElo "1819"]
[BlackElo "1829"]
[PlyCount "64"]
[EventDate "2021.??.??"]
[WhiteTeam "SV Welper 2"]
[BlackTeam "SF Brackel 3"]

1. e4 e6 2. d4 d5 3. Nc3 dxe4 4. Nxe4 Nd7 5. Nf3 Ngf6 6. Nxf6+ Nxf6 7. Bd3 Be7
8. O-O O-O 9. c3 b6 10. Qc2 Bb7 11. Bf4 h6 12. Rad1 Bxf3 13. gxf3 Nd5 14. Bg3
f5 15. Be5 Bd6 16. Qe2 Qg5+ 17. Kh1 Nf4 18. Rg1 Nxe2 19. Rxg5 hxg5 20. Bxe2
Bxe5 21. dxe5 Rad8 22. Rg1 Rd2 23. Bc4 Kf7 24. Rxg5 g6 25. Kg2 Rxb2 26. f4 Rd8
27. Rg3 Rdd2 28. Rf3 b5 29. Bb3 a5 30. Rh3 Rxf2+ 31. Kg1 Rg2+ 32. Kh1 Rge2 0-1

[Event "SV Welper 2 - SF Brackel 3"]
[Site "Verbandsklasse - Gruppe 2 202"]
[Date "2021.12.12"]
[Round "3.5"]
[White "Truemper, Michael"]
[Black "Wallhof, Dieter"]
[Result "0-1"]
[WhiteElo "1867"]
[BlackElo "1804"]
[PlyCount "76"]
[EventDate "2021.??.??"]
[WhiteTeam "SF Brackel 3"]
[BlackTeam "SV Welper 2"]

1. d4 Nf6 2. Bg5 Ne4 3. Bf4 c5 4. f3 Nf6 5. e4 cxd4 6. Qxd4 Nc6 7. Qd2 e6 8.
Nc3 Bb4 9. Bc4 Bxc3 10. Qxc3 d5 11. exd5 exd5 12. O-O-O O-O 13. Ne2 Be6 14. Bg5
Rc8 15. Bxf6 gxf6 16. f4 Kh8 17. f5 Ne5 18. fxe6 Nxc4 19. Nf4 Ne5 20. Qb4 Qc7
21. c3 Nc6 22. Qa4 d4 23. Rhf1 dxc3 24. bxc3 Qe5 25. Rf3 fxe6 26. Rh3 Ne7 27.
Qc2 Qxf4+ 28. Kb1 Qf5 29. Rdd3 Rc6 30. Rhf3 Rb6+ 31. Kc1 Qg5+ 32. Kd1 Rg8 33.
Rd7 Nf5 34. g3 Rd6+ 35. Rxd6 Nxd6 36. Rd3 Rd8 37. Qe2 Qf5 38. Qd2 Qxd3 0-1